000 00907nam a2200277 a 4500
003 AR-BaBNM
005 20251128210305.0
008 082120s2002 ||||||||||||||000 | spa||
020 _a92-9057-046-6
040 _cAR-BaBNM
100 1 _aVenegas Fonseca, María Clemencia
245 0 0 _aEl texto escolar
_bcómo aprovecharlo
260 _aSantafé de Bogotá
_bMinisterio de Educación Nacional
_bCentro regional para el fomento del libro en América Latina
_c1993
300 _a182 p.
_bil., tablas
504 _aContiene bibliografía general p. 170-182
650 4 _aLIBROS DE TEXTO
650 4 _aPRODUCCION DE LIBROS DE TEXTO
650 4 _aMETODOS DE ENSEÑANZA
650 4 _aTECNICAS DIDACTICAS
650 4 _aACTIVIDADES DE APRENDIZAJE
650 4 _aPERFECCIONAMIENTO DEL DOCENTE
650 4 _aHABITO DE LECTURA
650 4 _aINICIACION EN LA LECTURA
942 _cBK
998 _cRaquel
999 _c14817
_d14817